Every AEW PPV Main Event - Statistics

General Stats
  • This quiz has been taken 33 times
  • The average score is 15 of 32
Answer Stats
PPVS Main Events Match Type % Correct
Double or Nothing 2019 Chris Jericho vs Kenny Omega First AEW Main Event
71%
All In 2024 Swerve Strickland vs Bryan Danielson AEW World Title Match, Career vs Title
68%
Full Gear 2019 Jon Moxley vs Kenny Omega Lights Out Match
64%
Revolution 2021 Kenny Omega vs Jon Moxley Exploding Barbed Wire Death Match
64%
All Out 2024 Adam Page vs Swerve Strickland Lights Out Steel Cage Match
61%
Worlds End 2023 MJF vs Samoa Joe AEW World Title Match
61%
Full Gear 2021 Kenny Omega vs Adam Page AEW World Title Match
57%
Dynasty 2024 Samoa Joe vs Swerve Strickland AEW World Title
57%
Revolution 2020 Chris Jericho vs Jon Moxley AEW World Title Match
54%
All Out 2022 Jon Moxley vs CM Punk Brawl Out
54%
All Out 2020 Jon Moxley vs MJF AEW World Title Match
54%
Full Gear 2022 Jon Moxley vs MJF AEW World Title Match
54%
Forbidden Door 2024 Swerve Strickland vs Will Ospreay AEW World Title Match
54%
All Out 2019 Chris Jericho vs Adam Page First AEW World Title Match
50%
All In 2023 MJF vs Adam Cole AEW World Title Match
50%
Full Gear 2023 MJF vs Jay White AEW Title Match, stupidly booked
50%
Double or Nothing 2022 Adam Page vs CM Punk AEW World Title Match
46%
Forbidden Door 2023 Bryan Danielson vs Kazuchika Okada Dream Match
46%
Revolution 2023 MJF vs Bryan Danielson AEW World Title, Hour Long Iron Man Match
46%
Wrestledream 2023 Christian Cage vs Darby Allin TNT Title Match 2 out 3 falls
43%
Forbidden Door 2022 Jon Moxley vs Hiroshi Tanahashi Interim AEW World Title Match
43%
All Out 2023 Orange Cassidy vs Jon Moxley International Title Match
43%
All Out 2021 Kenny Omega vs Christian Cage AEW World Title Match
39%
Revolution 2024 Sting and Darby Allin vs The Young Bucks AEW Tag Team Title, Tornado Tag Retirement Match
39%
Fyter Fest 2019 Jon Moxley vs Joey Janela Unsanctioned Match
36%
Double or Nothing 2024 The Elite vs Team AEW Anarchy in The Arena
36%
Revolution 2022 Adam Page vs Adam Cole AEW World Title Match
32%
Full Gear 2020 Jon Moxley vs Eddie Kingston I Quit Match
32%
Double or Nothing 2020 The Elite and Matt Hardy vs The Inner Circle Stadium Stampede Match
25%
Double or Nothing 2023 Blackpool Combat Club vs The Elite Anarchy in The Arena
21%
Double or Nothing 2021 The Inner Circle vs The Pinnacle Stadium Stampede Match
21%
Fight for The Fallen 2019 The Young Bucks vs The Rhodes Brothers Too Long Tag Match
14%
No matching quizzes found
Score Distribution
Percent of People with Each Score
Percentile by Number Answered
Your Score History
You have not taken this quiz